Países con más especies de aves - Estadísticas

Estadísticas generales
  • Esta prueba ha sido intentada 4.450 veces
    2.580 desde el último reinicio
  • La puntuación promedio es 15 de 20
Estadísticas de respuestas
Especie País % Correcto
1.816 Brasil
98%
1.936 Colombia
93%
1.161 Estados Unidos
90%
1.051 Argentina
88%
1.377 China
88%
1.878 Perú
88%
1.128 México
87%
1.496 Venezuela
87%
1.688 Ecuador
82%
1.377 India
81%
1.430 Bolivia
77%
1.764 Indonesia
74%
1.050 R. D. del Congo
69%
997 Panamá
66%
926 Costa Rica
64%
1.084 Tailandia
63%
1.141 Kenia
55%
1.081 Tanzania
54%
1.012 Myanmar
34%
999 Uganda
34%
No se encontraron pruebas coincidentes
Distribución de puntuación
Porcentaje de gente con cada puntuación
Porcentaje por número respondido
Historial de tus puntuaciones
No has intentado esta prueba desde el último reinicio